000 00478nam a2200193Ia 4500
005 20240607102302.0
008 131103s9999 xx 000 0 und d
040 _aLoreto College
041 _aEnglish
082 _a574
_bKAP
100 _aKapur, N
245 _aLearning Biology
_cN Kapur, Rasik P Shah and G S Madhav Rao
260 _aDelhi
_bFrank
_c1990
300 _a109p.
_b ills.
650 _aScience
700 _aShah, Rasik P
850 _aLCBED
942 _cBK
999 _c28510
_d78989